Tourism and gender-based violence: challenging inequalities (Record no. 5723)

MARC details
000 -LEADER
fixed length control field 00486nam a2200169Ia 4500
008 - FIXED-LENGTH DATA ELEMENTS--GENERAL INFORMATION
fixed length control field 230917s9999||||xx |||||||||||||| ||und||
020 ## - ISBN
Price GBP 87.15 (RS 7914.96)
040 ## - CATALOGING SOURCE
-- 5015202
Original cataloging agency VIVEKANANDA LIBRARY
041 ## - Language
-- English
082 ## - DDC NUMBER
Classification number 306.4819 V839T
100 ## - MAIN ENTRY--PERSONAL NAME
Personal name Vizcaino, Paola, ed.
245 #0 - TITLE STATEMENT
Title Tourism and gender-based violence: challenging inequalities
260 ## - PUBLICATION, DISTRIBUTION, ETC. (IMPRINT)
Place of publication, distribution, etc UK
Name of publisher, distributor, etc CABI
Date of publication, distribution, etc 2020
300 ## - PHYSICAL DESCRIPTION
Pages xvii, 188 p.
500 ## - GENERAL NOTE
General note 4569 11/10/2022 PBA22/224 11/10/2022 IHTM (SFS)
942 ## - ADDED ENTRY ELEMENTS (KOHA)
Koha item type Books
Holdings
Withdrawn status Lost status Damaged status Not for loan Location (home branch) Sublocation or collection (holding branch) Shelving location Date acquired Koha issues (times borrowed) Koha full call number Accession No. Koha date last seen Koha item type
        VIVEKANANDA LIBRARY VIVEKANANDA LIBRARY IHTM Library 31/10/2022   306.4819 V839T 400969 17/09/2023 Books
© Designed and Maintained by Vivekananda Library, MDU Rohtak